[Event "Skakligaen 2019-20"]
[Site "Denmark"]
[Date "2020.09.06"]
[Round "9.3"]
[White "Ochsner, Bjorn Moller"]
[Black "Pedersen, Steffen"]
[Result "1/2-1/2"]
[WhiteElo "2491"]
[BlackElo "2308"]
[EventDate "2019.11.23"]
[EventType "team-tourn"]
[EventRounds "9"]
[EventCountry "Denmark"]
[WhiteTeam "Skanderborg"]
[BlackTeam "Hillerod"]
[WhiteTeamCountry "DEN"]
[BlackTeamCountry "DEN"]
[WhiteFideId "1416928"]
[BlackFideId "1401491"]

1. e4 e5 2. Nf3 Nf6 3. Nxe5 d6 4. Nf3 Nxe4 5. d4 d5 6. Bd3 Bd6 7. O-O O-O 8. c4 c6 9. Nc3 Nxc3 10. bxc3 dxc4 11. Bxc4 Nd7 12. Re1 h6 13. Bb3 Re8 14. Rxe8+ Qxe8 15. Qd3 Nf8 16. Bb2 Be6 17. c4 Qd7 18. d5 cxd5 19. cxd5 Bf5 20. Qc3 f6 21. Nd4 Rc8 22. Qd2 Bg6 23. Rd1 Bh5 24. f3 Bf7 25. Kh1 Be7 26. Qd3 Rd8 27. Nf5 Bd6 28. Nxd6 Qxd6 29. Qd4 a6 30. Bc3 Ng6 31. Bb4 Qd7 32. Bc2 Ne5 33. Ba5 Rc8 34. Bb3 b5 35. Be1 Nc4 36. h3 Qd6 37. Qg4 Rd8 38. Bxc4 bxc4 39. Ba5 Rd7 40. Bb4 Qc7 41. d6 Qc6 42. Qd4 c3 43. Rc1 Bxa2 44. Rxc3 Qd5 45. Qf2 Bb1 46. Qe2 Qb5 47. Qe1 Bg6 48. Rc8+ Kh7 49. Qe6 Bf7 50. Qe4+ Bg6 51. Qa8 Bd3 52. Rh8+ Kg6 53. Qe8+ Rf7 54. Qe3 Bf5 55. Bd2 Rb7 56. g4 Bd7 57. h4 Bc6 58. Kg2 Qd5 59. Bc3 Qxd6 60. g5 hxg5 61. hxg5 Re7 62. Qf2 Bb5 63. gxf6 Re2 64. Qxe2 Bxe2 65. fxg7 Bc4 66. g8=Q+ Bxg8 67. Rxg8+ Kf5 68. Rg4 Qc5 69. Bb4 Qc7 70. Re4 a5 71. Bxa5 Qxa5 72. Kf2 Qd2+ 73. Re2 Qc1 74. Re4 Qh1 75. Rg4 Qh2+ 76. Kf1 Qh3+ 77. Kf2 Qh2+ 78. Kf1 Qh3+  1/2-1/2

[Event "Skakligaen 2019-20"]
[Site "Denmark"]
[Date "2020.09.06"]
[Round "9.4"]
[White "Jaksland, Tim"]
[Black "Pedersen, Nicolai Vesterbaek"]
[Result "1/2-1/2"]
[WhiteElo "2218"]
[BlackElo "2391"]
[EventDate "2019.11.23"]
[EventType "team-tourn"]
[EventRounds "9"]
[EventCountry "Denmark"]
[WhiteTeam "Hillerod"]
[BlackTeam "Skanderborg"]
[WhiteTeamCountry "DEN"]
[BlackTeamCountry "DEN"]
[WhiteFideId "1401084"]
[BlackFideId "1402340"]

1. e4 e5 2. Nf3 Nc6 3. Bc4 Bc5 4. c3 Nf6 5. d3 a6 6. a4 a5 7. O-O O-O 8. Bg5 h6 9. Bh4 Be7 10. Bg3 d6 11. Nbd2 Bg4 12. h3 Bh5 13. Re1 Nh7 14. Qb3 Qd7 15. Bb5 Qe6 16. Bc4 Qd7 17. Bb5 Qe6 18. Bc4  1/2-1/2

[Event "Skakligaen 2019-20"]
[Site "Denmark"]
[Date "2020.09.06"]
[Round "9.5"]
[White "Andersen, Jackie"]
[Black "Ostergaard, Jens"]
[Result "1-0"]
[WhiteElo "2399"]
[BlackElo "2228"]
[EventDate "2019.11.23"]
[EventType "team-tourn"]
[EventRounds "9"]
[EventCountry "Denmark"]
[WhiteTeam "Skanderborg"]
[BlackTeam "Hillerod"]
[WhiteTeamCountry "DEN"]
[BlackTeamCountry "DEN"]
[WhiteFideId "1402650"]
[BlackFideId "1400606"]

1. d4 Nf6 2. Nf3 g6 3. g3 Bg7 4. Bg2 O-O 5. O-O d6 6. c4 Nc6 7. a3 e5 8. d5 Nb8 9. Nc3 a5 10. c5 Na6 11. cxd6 cxd6 12. h3 Bd7 13. Be3 b5 14. Nd2 a4 15. Rc1 Qb8 16. g4 h6 17. Na2 Qb7 18. Nb1 Kh7 19. Qd2 Rfc8 20. Nb4 e4 21. Nxa6 Qxa6 22. Bd4 Rc4 23. Rxc4 bxc4 24. Nc3 Rb8 25. Bxe4 Qb7 26. Bc2 Ne8 27. Bxg7 Kxg7 28. Qd4+ Nf6 29. Rb1 Qa6 30. Ne4  1-0

[Event "Skakligaen 2019-20"]
[Site "Denmark"]
[Date "2020.09.06"]
[Round "9.6"]
[White "Nordenbaek, Jan"]
[Black "Rostgaard, Tobias Valentin"]
[Result "1/2-1/2"]
[WhiteElo "2239"]
[BlackElo "2357"]
[EventDate "2019.11.23"]
[EventType "team-tourn"]
[EventRounds "9"]
[EventCountry "Denmark"]
[WhiteTeam "Hillerod"]
[BlackTeam "Skanderborg"]
[WhiteTeamCountry "DEN"]
[BlackTeamCountry "DEN"]
[WhiteFideId "1401475"]
[BlackFideId "1408801"]

1. e4 e5 2. Nf3 Nc6 3. Bc4 Bc5 4. c3 Nf6 5. d3 O-O 6. O-O d5 7. exd5 Nxd5 8. Re1 Bg4 9. h3 Bh5 10. Nbd2 Nb6 11. Bb5 Bd6 12. Ne4 f5 13. Ng3 Bxf3 14. Qxf3 Qf6 15. Be3 Qg6 16. Bxb6 axb6 17. Bxc6 bxc6 18. Qxc6 Kh8 19. Qf3 Qf7 20. a3  1/2-1/2

[Event "Skakligaen 2019-20"]
[Site "Denmark"]
[Date "2020.09.06"]
[Round "9.7"]
[White "Brondt, Nicolai Kvist"]
[Black "Erichsen, Dan"]
[Result "1/2-1/2"]
[WhiteElo "2244"]
[BlackElo "2068"]
[EventDate "2019.11.23"]
[EventType "team-tourn"]
[EventRounds "9"]
[EventCountry "Denmark"]
[WhiteTeam "Skanderborg"]
[BlackTeam "Hillerod"]
[WhiteTeamCountry "DEN"]
[BlackTeamCountry "DEN"]
[WhiteFideId "1413848"]
[BlackFideId "1405993"]

1. d4 d5 2. c4 c6 3. cxd5 cxd5 4. Bg5 h6 5. Bh4 Nc6 6. Nc3 Bf5 7. e3 Qd7 8. Nf3 a6 9. Bd3 Bxd3 10. Qxd3 e6 11. O-O Bd6 12. Na4 Qc7 13. Rac1 Nge7 14. Nc5 Nf5 15. Bg3 Nxg3 16. hxg3 O-O 17. Rc3 Rfc8 18. Rfc1 Qe7 19. Qe2 Na7 20. Ne5 Rc7 21. Ned3 Rac8 22. R3c2 Nc6 23. Qd2 Nb8 24. Kf1 b6 25. Na4 Rxc2 26. Rxc2 Rxc2 27. Qxc2 Qc7 28. Qxc7 Bxc7 29. Ke2 Kf8 30. Nc3 Ke7 31. g4  1/2-1/2

[Event "Skakligaen 2019-20"]
[Site "Denmark"]
[Date "2020.09.06"]
[Round "9.8"]
[White "Nohr, Finn"]
[Black "Watson, Colin"]
[Result "1/2-1/2"]
[WhiteElo "1914"]
[BlackElo "1854"]
[EventDate "2019.11.23"]
[EventType "team-tourn"]
[EventRounds "9"]
[EventCountry "Denmark"]
[WhiteTeam "Hillerod"]
[BlackTeam "Skanderborg"]
[WhiteTeamCountry "DEN"]
[BlackTeamCountry "DEN"]
[WhiteFideId "1406329"]
[BlackFideId "1422910"]

1. e4 c5 2. Nf3 a6 3. c3 d5 4. exd5 Qxd5 5. d4 Nf6 6. Be2 Bg4 7. h3 Bh5 8. O-O e6 9. Be3 Nbd7 10. c4 Qc6 11. Nc3 cxd4 12. Nxd4 Bxe2 13. Qxe2 Qc7 14. Rac1 Be7 15. a3 O-O 16. b4 Bd6 17. Rfd1 Bf4 18. c5 Bxe3 19. Qxe3 Qe5 20. Qf3 Qc7 21. c6 bxc6 22. Nxc6 Qb6 23. Rd6 Kh8 24. Rcd1 Qc7 25. a4 Nb6 26. R6d3 Nbd5  1/2-1/2

[Event "Skakligaen 2019-20"]
[Site "Denmark"]
[Date "2020.09.06"]
[Round "9.1"]
[White "Thybo, Jesper Sondergaard"]
[Black "Hillarp Persson, Tiger"]
[Result "1/2-1/2"]
[WhiteElo "2574"]
[BlackElo "2542"]
[EventDate "2019.11.23"]
[EventType "team-tourn"]
[EventRounds "9"]
[EventCountry "Denmark"]
[WhiteTeam "Jetsmark"]
[BlackTeam "Bronshoj"]
[WhiteTeamCountry "DEN"]
[BlackTeamCountry "DEN"]
[WhiteFideId "1438832"]
[BlackFideId "1700812"]

1. d4 Nf6 2. c4 g6 3. Nc3 Bg7 4. e4 d6 5. Nf3 O-O 6. Be2 e5 7. O-O Nbd7 8. Qc2 c6 9. Be3 Qe7 10. h3 exd4 11. Bxd4 Bh6 12. Rad1 Re8 13. Rfe1 c5  1/2-1/2

[Event "Skakligaen 2019-20"]
[Site "Denmark"]
[Date "2020.09.06"]
[Round "9.2"]
[White "Vasli, Aref"]
[Black "Thogersen, Rasmus"]
[Result "1-0"]
[WhiteElo "2397"]
[BlackElo "2248"]
[EventDate "2019.11.23"]
[EventType "team-tourn"]
[EventRounds "9"]
[EventCountry "Denmark"]
[WhiteTeam "Bronshoj"]
[BlackTeam "Jetsmark"]
[WhiteTeamCountry "DEN"]
[BlackTeamCountry "DEN"]
[WhiteFideId "417521"]
[BlackFideId "1431412"]

1. e4 e6 2. d4 d5 3. Nc3 Nf6 4. Bg5 dxe4 5. Nxe4 Be7 6. Bxf6 gxf6 7. Qd2 f5 8. Nc3 a6 9. O-O-O b5 10. Nf3 Bb7 11. Kb1 b4 12. Ne2 Nd7 13. Nf4 Bxf3 14. gxf3 Bg5 15. h4 Bxf4 16. Qxf4 Nb6 17. Qe5 Rg8 18. Bxa6 Ke7 19. Bd3 Qd6 20. Qxd6+ cxd6 21. d5 Ra5 22. dxe6 fxe6 23. Rhg1 Rga8 24. Rg7+ Kf6 25. Rb7 Rxa2 26. Kc1 Nd5 27. Bc4 Ra1+ 28. Kd2 Rxd1+ 29. Kxd1 Ne7 30. Rb6 d5 31. Bb5 Ra7 32. h5 Nc8 33. Rb8 Nd6 34. Be2 Rb7 35. Rd8 Nf7 36. Rg8 Nh6 37. Re8 f4 38. Bd3 Ke5 39. Rf8 Rg7 40. Ke2 Nf7 41. Rb8 Rg2 42. Bxh7 Ng5 43. Rg8 Kf6 44. Rg6+ Kf5 45. Bg8 Rh2 46. Rh6 Ke5 47. Kf1 Kd4 48. Bxe6 Nxf3 49. Rh8 Ng5 50. Bf5 f3 51. Kg1 Rg2+ 52. Kf1 Ke5 53. Bg6 Nh3 54. Re8+ Kd4 55. c3+ bxc3 56. bxc3+ Kc5 57. Ke1 Rxf2 58. Re3 d4 59. cxd4+ Kxd4 60. Re4+ Kd5 61. Rh4 Re2+ 62. Kf1 Rf2+ 63. Ke1 Re2+ 64. Kd1 Nf2+ 65. Kc1 Ng4 66. Bd3 Ne5 67. Bxe2 fxe2 68. Rh1 Nd3+ 69. Kb1 Nf2 70. Re1 Ne4 71. h6 Nf6 72. Rxe2 Kd6 73. Rh2 Nh7 74. Rg2  1-0

[Event "Skakligaen 2019-20"]
[Site "Denmark"]
[Date "2020.09.06"]
[Round "9.3"]
[White "Heimisson, Hilmir Freyr"]
[Black "Hoi, Carsten"]
[Result "0-1"]
[WhiteElo "2234"]
[BlackElo "2317"]
[EventDate "2019.11.23"]
[EventType "team-tourn"]
[EventRounds "9"]
[EventCountry "Denmark"]
[WhiteTeam "Jetsmark"]
[BlackTeam "Bronshoj"]
[WhiteTeamCountry "DEN"]
[BlackTeamCountry "DEN"]
[WhiteFideId "2309998"]
[BlackFideId "1400100"]

1. Nc3 d5 2. e4 e6 3. d4 Nf6 4. Bg5 Be7 5. e5 Nfd7 6. h4 Bxg5 7. hxg5 Qxg5 8. Qd3 g6 9. Nh3 Qe7 10. O-O-O Nc6 11. f4 b6 12. g4 Bb7 13. f5 O-O-O 14. Kb1 gxf5 15. gxf5 Ncxe5 16. dxe5 d4 17. Ne4 Nxe5 18. f6 Qb4 19. Qe2 d3 20. cxd3 Nxd3 21. Bg2 Nxb2 22. Qxb2 Bxe4+ 23. Bxe4 Qxe4+ 24. Ka1 Rhg8 25. Nf2 Rxd1+ 26. Rxd1 Qe3 27. Qd4 Qxd4+ 28. Rxd4 Rg2 29. Nh3 Rg6 30. Rf4 Kd7 31. Nf2 Kd6 32. Kb2 h5 33. Kc3 c5 34. Rf3 h4 35. Kd3 Kd5 36. Ne4 Rg4 37. Nc3+ Ke5 38. Ne2 b5 39. Ke3 c4 40. a3 a6 41. Rf1 h3 42. Kf3 Rg6 43. Nf4 Rxf6 44. Re1+ Kd4 45. Kg3 Kc3 46. Nxh3 Kb2 47. Nf2 a5 48. Ne4 Rf5 49. a4 c3 50. axb5 Rxb5 51. Kf4 c2 52. Re2 Rb4 53. Ke3 Rxe4+ 54. Kxe4 Kb1  0-1

[Event "Skakligaen 2019-20"]
[Site "Denmark"]
[Date "2020.09.06"]
[Round "9.4"]
[White "Aabling Thomsen, Jakob"]
[Black "Rosenkilde, Alexander"]
[Result "1-0"]
[WhiteElo "2347"]
[BlackElo "2252"]
[EventDate "2019.11.23"]
[EventType "team-tourn"]
[EventRounds "9"]
[EventCountry "Denmark"]
[WhiteTeam "Bronshoj"]
[BlackTeam "Jetsmark"]
[WhiteTeamCountry "DEN"]
[BlackTeamCountry "DEN"]
[WhiteFideId "1407589"]
[BlackFideId "1408488"]

1. e4 c5 2. Nf3 d6 3. g3 Nc6 4. Bg2 g6 5. O-O Bg7 6. c3 Bg4 7. h3 Bxf3 8. Qxf3 e6 9. d3 Nge7 10. Qe2 O-O 11. Be3 b5 12. Rd1 Qb6 13. Nd2 Rfd8 14. Rac1 a5 15. Nf3 b4 16. d4 cxd4 17. Nxd4 Nxd4 18. cxd4 d5 19. Bg5 Ra7 20. exd5 Bxd4 21. dxe6 Qxe6 22. Qf3 Rdd7 23. Re1 Qf5 24. Bh6 Rd8 25. Rcd1 Qc5 26. Qf6 Qb6 27. Rxd4 Qxd4 28. Re5 Nf5 29. Rxf5 Qxf6 30. Rxf6 Rc7 31. Bc6 Re7 32. Ba4 Re6 33. Rf3 Rc8 34. Bb3 Re7 35. Kg2 Ra8 36. Rf4 Rb8 37. h4 Ra7 38. Bc4 Rc8 39. b3 Re8 40. g4 Ree7 41. h5 Rad7 42. Bg5 Re1 43. Bh6 Re5 44. Rf6 Ra7 45. Be3 Rd7 46. hxg6 hxg6 47. Rxg6+ Kh7 48. Ra6 Kg8 49. Kf3 Kg7 50. g5 Kf8 51. Kf4 Rde7 52. Rf6 Re4+ 53. Kf3 Kg7 54. Rxf7+ Rxf7+ 55. Kxe4  1-0

[Event "Skakligaen 2019-20"]
[Site "Denmark"]
[Date "2020.09.06"]
[Round "9.5"]
[White "Jensen, Bjarke"]
[Black "Palm, Nikolaj"]
[Result "1/2-1/2"]
[WhiteElo "2328"]
[BlackElo "2282"]
[EventDate "2019.11.23"]
[EventType "team-tourn"]
[EventRounds "9"]
[EventCountry "Denmark"]
[WhiteTeam "Jetsmark"]
[BlackTeam "Bronshoj"]
[WhiteTeamCountry "DEN"]
[BlackTeamCountry "DEN"]
[WhiteFideId "1403702"]
[BlackFideId "1402145"]

1. e4 e5 2. Nf3 Nc6 3. Bc4 Bc5 4. O-O d6 5. c3 Bg4 6. b4 Bb6 7. a4 a6 8. d3 Nf6 9. Qe2 O-O 10. Ba2 Ne7 11. h3 Be6 12. Bxe6 fxe6 13. Qa2 Qd7 14. Ng5 d5 15. Be3 h6 16. Nf3 Ng6 17. Bxb6 cxb6 18. Nbd2 Nh5 19. g3 dxe4 20. dxe4 Rad8 21. Rae1 Kh7 22. Re3 Rf7 23. Nb3 Rdf8 24. Nh2 Qe7 25. Kh1 Qg5 26. Qe2 Rxf2 27. Rxf2 Nxg3+ 28. Rxg3 Qxg3 29. Rxf8 Nxf8 30. Qf3 Qe1+ 31. Nf1 Ng6 32. Nbd2 Nf4 33. Qe3 Qa1 34. Kh2 Qxa4 35. Qxb6 Qc2 36. Qe3 Qc1 37. Kg3 b5 38. Kf2 Qc2 39. Qf3  1/2-1/2

[Event "Skakligaen 2019-20"]
[Site "Denmark"]
[Date "2020.09.06"]
[Round "9.6"]
[White "Carstensen, Jacob"]
[Black "Wiwe, Andreas"]
[Result "1/2-1/2"]
[WhiteElo "2354"]
[BlackElo "2304"]
[EventDate "2019.11.23"]
[EventType "team-tourn"]
[EventRounds "9"]
[EventCountry "Denmark"]
[WhiteTeam "Bronshoj"]
[BlackTeam "Jetsmark"]
[WhiteTeamCountry "DEN"]
[BlackTeamCountry "DEN"]
[WhiteFideId "1404180"]
[BlackFideId "1407937"]

1. d4 d5 2. c4 dxc4 3. Nf3 Nf6 4. e3 e6 5. Bxc4 c5 6. O-O a6 7. dxc5 Bxc5 8. Qxd8+ Kxd8 9. Nbd2 Ke7 10. Nb3 Bd6 11. Be2  1/2-1/2

[Event "Skakligaen 2019-20"]
[Site "Denmark"]
[Date "2020.09.06"]
[Round "9.7"]
[White "Christensen, Stefan"]
[Black "Laursen, Niels Norskov"]
[Result "1-0"]
[WhiteElo "2248"]
[BlackElo "2251"]
[EventDate "2019.11.23"]
[EventType "team-tourn"]
[EventRounds "9"]
[EventCountry "Denmark"]
[WhiteTeam "Jetsmark"]
[BlackTeam "Bronshoj"]
[WhiteTeamCountry "DEN"]
[BlackTeamCountry "DEN"]
[WhiteFideId "1404148"]
[BlackFideId "1404709"]

1. e4 d6 2. d4 Nf6 3. Nc3 g6 4. Nf3 Bg7 5. Be2 O-O 6. O-O Bg4 7. Be3 Nc6 8. Qd2 e5 9. dxe5 dxe5 10. Rad1 Qc8 11. Qc1 Rd8 12. Rxd8+ Nxd8 13. h3 Bxf3 14. Bxf3 c6 15. g4 Qc7 16. g5 Nd7 17. Bg4 Nf8 18. Ne2 Nde6 19. Rd1 Rd8 20. Rxd8 Nxd8 21. Qd2 Nfe6 22. a4 Bf8 23. Qc3 b6 24. b4 Qd6 25. b5 Nc5 26. Qc4 cxb5 27. axb5 Nde6 28. Nc3 Nf4 29. h4 h5 30. Bxf4 exf4 31. Bf3 Bg7 32. Nd5 Qe5 33. Kg2 Qd6 34. Nb4 Qd7 35. Nc6 a5 36. Nxa5 bxa5 37. Qxc5 Bd4 38. Qd5 Qa7 39. e5 Kg7 40. e6 fxe6 41. Qxe6 Qf7 42. Qd6 Qa7 43. Be4 f3+ 44. Kh1 Qb6 45. Qe7+  1-0

[Event "Skakligaen 2019-20"]
[Site "Denmark"]
[Date "2020.09.06"]
[Round "9.8"]
[White "Holmsgaard, Henrik"]
[Black "Rathlev, Jakob"]
[Result "1-0"]
[WhiteElo "2221"]
[BlackElo "2233"]
[EventDate "2019.11.23"]
[EventType "team-tourn"]
[EventRounds "9"]
[EventCountry "Denmark"]
[WhiteTeam "Bronshoj"]
[BlackTeam "Jetsmark"]
[WhiteTeamCountry "DEN"]
[BlackTeamCountry "DEN"]
[WhiteFideId "1400452"]
[BlackFideId "1405284"]

1. e4 e6 2. d4 d5 3. e5 c5 4. c3 Qb6 5. Nf3 Bd7 6. a4 cxd4 7. cxd4 Nc6 8. Nc3 f6 9. Bd3 Nb4 10. Be2 fxe5 11. a5 Qc7 12. dxe5 Ne7 13. O-O Ng6 14. Nb5 Qb8 15. Be3 Be7 16. Rc1 Nc6 17. Nd6+ Bxd6 18. exd6 O-O 19. Bd3 Qe8 20. Bb1 Nce5 21. Nxe5 Nxe5 22. Bg5 Bb5 23. Re1 Ng6 24. Rc7 Rf7 25. Bxg6 hxg6 26. Re7 Qf8 27. Qd4 Bd7 28. h4 Rc8 29. Re2 Rc6 30. Qb4 Qb8 31. Rxf7 Kxf7 32. Qf4+ Kg8 33. Be7 Rc4 34. Qg5 Qe8 35. Re3 e5 36. Qxe5 d4 37. Rf3 Bf5 38. g4 d3 39. gxf5 Qc6 40. Qe6+ Kh8 41. d7 Rg4+ 42. Rg3 Rxg3+ 43. fxg3 Qc1+ 44. Kg2  1-0